Fábulas de la Fontaine (Registo nº 3786)

Detalhes MARC
000 -Etiqueta do registo
Cabeçalho 00959nam0a2200301 4500
005 - Identificador da versão
Campo de controlo 20240813122044.0
010 ## - Número internacional normalizado dos livros (ISBN)
Número (ISBN) 9724119009
021 ## - Número do Depósito Legal
Código do país PT
Número 238946/06
100 ## - Dados gerais de processamento
Dados gerais de processamento 20190219d2006 bc y0pory5003 ba
102 ## - Pais de publicação ou produção
País de publicação Portugal
101 1# - Língua de publicação
Língua do texto, banda sonora, etc. Português
Língua do documento no original Francês
215 ## - Descrição física 
Indicação específica da natureza do documento e extensão da espécie 40, [6] p.
Outras indicações físicas muito il. color
200 1# - Titulo e menção de responsabilidade
Título próprio Fábulas de la Fontaine
Primeira menção de responsabilidade trad. e adapt. Maria Alberta Menéres
Outras menções de responsabilidade il. José Garcês
225 1# - Colecção 
Título próprio da colecção Biblioteca Maria Alberta Menéres
205 ## - Menção da edição
Menção da edição 6ª ed
210 ## - Publicação, Distribuição, etc. 
Lugar da edição, distribuição, etc. Porto
Nome do editor, distribuidor, etc. Asa
Data da publicação, distribuição, etc. 2006
300 ## - Notas gerais 
Texto da nota Metas Curriculares
606 ## - Nome comum usado como assunto
Número de registo de entrada de autoridade 0001913
Palavra de ordem Literatura portuguesa
Subdivisão de assunto Fábulas
Código do sistema CA
Número de registo de entrada de autoridade 0001358
Palavra de ordem Literatura portuguesa
Subdivisão de assunto Poesia
Código do sistema CA
675 ## - Classificação Decimal Universal (CDU)
Notação 821.134.3-1
Edição 3ª ed.
Língua da edição por
Notação 821.134.3-342
Edição 3ª ed.
Língua da edição por
702 #1 - Nome de autor-pessoa física (responsabilidade secundária)
Número de registo de entrada de autoridade 0000051
Palavra de ordem Menéres
Outra parte do nome não tomada para palavra de ordem Maria Alberta
Datas 1930-
Código de função Tradutor
-- Adaptador
Número de registo de entrada de autoridade 0000205
Palavra de ordem Garcês
Outra parte do nome não tomada para palavra de ordem José
Datas 1928-
Código de função Ilustrador / Técnico de desenho computorizado
966 ## - Identificação da Biblioteca
Sigla EBVEN
942 ## - Elementos de entrada adicionados (Koha)
Tipo de item no Koha Livro
Exemplares
Situação do levantamento Origin of item (home branch) (coded) Biblioteca de empréstimo Código de barras Cota Circulation type (not for loan) Tipo de documento Nota do exemplar Damaged status
  Biblioteca Escolar das Vendas Biblioteca Escolar das Vendas BEV1658 8POR MEN MET   Livro Sem mensagem